Marketing / (Record no. 101827)
[ view plain ]
| 000 -LEADER | |
|---|---|
| fixed length control field | 00993nam a22002417a 4500 |
| 005 - DATE AND TIME OF LATEST TRANSACTION | |
| control field | 20170502163003.0 |
| 010 ## - LCCN (DPL NO) | |
| LC control number | 1617EN ENG-116936 |
| 020 ## - INTERNATIONAL STANDARD BOOK NUMBER | |
| Terms of availability | 795.00 |
| International Standard Book Number | 9780198079446 |
| 035 ## - SYSTEM CONTROL NUMBER | |
| System control number | B-651652-661 |
| 035 ## - SYSTEM CONTROL NUMBER | |
| System control number | B-666232 |
| 035 ## - SYSTEM CONTROL NUMBER | |
| System control number | EN-100468 |
| 037 ## - SOURCE OF ACQUISITION | |
| Source of stock number/acquisition | Pragati |
| Stock number | dpl |
| 082 ## - DEWEY DECIMAL CLASSIFICATION NUMBER | |
| Classification number | 658.8 |
| 100 ## - MAIN ENTRY--PERSONAL NAME | |
| Personal name | Baines, Paul |
| 245 ## - TITLE STATEMENT | |
| Title | Marketing / |
| Statement of responsibility, etc | by Baines, Paul, Chris Fill [and] Kelly Page adeapted by Piyush K.Sinha |
| 260 ## - PUBLICATION, DISTRIBUTION, ETC. (IMPRINT) | |
| Place of publication, distribution, etc | New Delhi |
| Name of publisher, distributor, etc | Oxford University Press |
| Date of publication, distribution, etc | 2016 |
| 270 ## - ADDRESS | |
| Address | YMCA Library Building, 1, Jai Singh Road, |
| City | New Delhi |
| Postal code | 110001 |
| 300 ## - PHYSICAL DESCRIPTION | |
| Extent | 697p. : |
| Dimensions | 27cm(pbk) |
| Other physical details | col., illus. |
| 500 ## - GENERAL NOTE | |
| General note | Includes index |
| 942 ## - ADDED ENTRY ELEMENTS (KOHA) | |
| Source of classification or shelving scheme | Dewey Decimal Classification |
| Item type | English Books |
| Classification part | 658.8 |
| Call number suffix | BAI |
| Withdrawn status | Lost status | Not for loan | Collection code | Home library | Current library | Date acquired | Source of acquisition | Cost, normal purchase price | Full call number | Barcode | Copy number | Cost, replacement price | Koha item type |
|---|---|---|---|---|---|---|---|---|---|---|---|---|---|
| Non-fiction | Ashok Vihar | Ashok Vihar | 02/05/2017 | BPPD/EN/2016-17/AV/2016-17/466/15.2.2017/569/28.2.2017/ 10.3.2017 | 795.00 | 658.8 BAI | B-666232 | 1 | 795.00 | English Books | |||
| Non-fiction | Bawana | Bawana | 09/02/2017 | BPPD/EN/2016-17/300/24.11.2016/IN339/2.12.2016/4.1.2017 | 795.00 | 658.8 BAI | B-651658 | 1 | 795.00 | English Books | |||
| Non-fiction | Bawana | Bawana | 09/02/2017 | BPPD/EN/2016-17/300/24.11.2016/IN339/2.12.2016/4.1.2017 | 795.00 | 658.8 BAI | B-651660 | 1 | 795.00 | English Books | |||
| Non-fiction | Central Library | Central Library | 09/02/2017 | BPPD/EN/2016-17/300/24.11.2016/IN339/2.12.2016/4.1.2017 | 795.00 | 658.8 BAI | B-651652 | 1 | 795.00 | English Books | |||
| Not For Loan | Non-fiction | D.B.Act.Division | D.B.Act.Division | 26/12/2016 | DBAD/PUB | 745.00 | 658.8 BAI | EN-100468 | 1 | 745.00 | English Books | ||
| Non-fiction | Janak Puri | Janak Puri | 09/02/2017 | BPPD/EN/2016-17/300/24.11.2016/IN339/2.12.2016/4.1.2017 | 795.00 | 658.8 BAI | B-651656 | 1 | 795.00 | English Books | |||
| Non-fiction | Kasturba Gandhi Marg | Kasturba Gandhi Marg | 09/02/2017 | BPPD/EN/2016-17/300/24.11.2016/IN339/2.12.2016/4.1.2017 | 795.00 | 658.8 BAI | B-651655 | 1 | 795.00 | English Books | |||
| Non-fiction | Narela | Narela | 09/02/2017 | BPPD/EN/2016-17/300/24.11.2016/IN339/2.12.2016/4.1.2017 | 795.00 | 658.8 BAI | B-651659 | 1 | 795.00 | English Books | |||
| Non-fiction | New Police Line | New Police Line | 09/02/2017 | BPPD/EN/2016-17/300/24.11.2016/IN339/2.12.2016/4.1.2017 | 795.00 | 658.8 BAI | B-651653 | 1 | 795.00 | English Books | |||
| Non-fiction | Patel Nagar | Patel Nagar | 09/02/2017 | BPPD/EN/2016-17/300/24.11.2016/IN339/2.12.2016/4.1.2017 | 795.00 | 658.8 BAI | B-651654 | 1 | 795.00 | English Books | |||
| Non-fiction | Sarojini Nagar | Sarojini Nagar | 09/02/2017 | BPPD/EN/2016-17/300/24.11.2016/IN339/2.12.2016/4.1.2017 | 795.00 | 658.8 BAI | B-651657 | 1 | 795.00 | English Books | |||
| Non-fiction | Shahdara Branch | Shahdara Branch | 09/02/2017 | BPPD/EN/2016-17/300/24.11.2016/IN339/2.12.2016/4.1.2017 | 795.00 | 658.8 BAI | B-651661 | 1 | 795.00 | English Books |
